| 000 | 01044nam a2200169 i 4500 | ||
|---|---|---|---|
| 001 | 154871 | ||
| 003 | ES-MaACL | ||
| 005 | 20230906205902.0 | ||
| 008 | 040714s1864 fr a |||| | fre d | ||
| 040 |
_aCAM _bspa _cCAM |
||
| 100 | 1 |
_aGuerry, A.-M. _9127606 |
|
| 245 | 1 | 0 |
_aStatistique morale de l'Angleterre comparée avec la statistique morale de la France _b: d'apres les comptes de l'administration de la justice crimimelle en Angleterre et en France, les comptes de la police de Londres, de Liverpool, de Manchester, etc., les proes-verbaux de la cour criminelle centrale et divers autres documents administratifs et judiciaires : Atlas, cartes et construccions graphiques ... / _cpar A.-M- Guerry. |
| 260 |
_aParis [etc.] : _bJ.-B. Baillière et fils [etc.], _c1864 ( _fImprimerie ve Goupy et cie) |
||
| 300 |
_aLXIV p., XVII h. de lám., [1] p. ; _c57 cm. |
||
| 597 | _aLas h. de lám. grab. calc. de mapas: "Gravé par Ch. Marlier" ó "Gravé par C.E. Collin", "Ecrit par A. Blanchard" | ||
| 852 |
_aES-MaACL _jB-6727 _z-- Enc. cartón |
||
| 999 |
_c154871 _d154871 |
||